Διάλογος : διγλωσσία και διδασκαλία δεύτερης γλώσσας στο διαδίκτυο : διδακτορική διατριβή

Αποθηκεύτηκε σε:
Λεπτομέρειες βιβλιογραφικής εγγραφής
Κύριος συγγραφέας: Κούρτη-Καζούλλη, Βασιλεία
Συγγραφή απο Οργανισμό/Αρχή: Πανεπιστήμιο Αιγαίου Σχολή Ανθρωπιστικών Σπουδών Τμήμα Δημοτικής Εκπαίδευσης
Μορφή: Thesis Βιβλίο
Γλώσσα:English
Δημοσίευση: Ρόδος : Πανεπιστήμιο Αιγαίου, Τμήμα Δημοτικής Εκπαίδευσης, 2001
Θέματα:
Ετικέτες: Προσθήκη ετικέτας
Δεν υπάρχουν, Καταχωρήστε ετικέτα πρώτοι!

MARC

LEADER 00000cam a2200000 i 4500
001 1/58582
008 040630s2001 eng d
035 |l 10073969 
040 |a GR-MY-UA  |b gre  |e aacr 
041 0 |a eng 
082 0 |a 371.97  |2 (21) 
100 1 |a Κούρτη-Καζούλλη, Βασιλεία. 
245 1 0 |a Διάλογος :  |b διγλωσσία και διδασκαλία δεύτερης γλώσσας στο διαδίκτυο : διδακτορική διατριβή /  |c Βασιλεία Κούρτη-Καζούλη 
260 |a Ρόδος :   |b Πανεπιστήμιο Αιγαίου, Τμήμα Δημοτικής Εκπαίδευσης,   |c 2001 
300 |a 424 σ.  |e 1 δισκέτα 
500 |a Μέλη τριμελούς επιτροπής: Ελένη Σκούρτου, Jim Cummins, Αγγελική Δημητρακοπούλου 
502 |a Διατριβή (διδακτορική) - Πανεπιστήμιο Αιγαίου, Ρόδος, 2001. 
504 |a Περιέχει βιβλιογραφικές αναφορές 
610 2 0 |a University of the Aegean  |x Dissertations. 
650 0 0 |a Education, Bilingual. 
650 0 0 |a Bilingualism. 
650 0 0 |a Dissertations, Academic  |z Greece. 
710 2 |a Πανεπιστήμιο Αιγαίου  |b Σχολή Ανθρωπιστικών Σπουδών  |b Τμήμα Δημοτικής Εκπαίδευσης. 
852 |a INST  |b RHODES  |c DIATR  |e 20040630  |h 371.97 ΚΟΥ  |p 005400018694  |q 005400018694  |t PHD  |y 23 
901 |a BIBL4-2004-2 
909 |a Ρ  |b 109806 
924 |a ΚΟΥΡΤΗ-ΚΑΖΟΥΛΗ  |b ΒΑΣΙΛΕΙΑ  |y ΡΟΔΟΣ  |z 2001-06 
970 |a ΚΟΥΛΑΚΙΟΤΗ  |b ΛΙΤΣΑ  |z 2004/06/30